00985nam a2200229 a 4500003000200000005001700002008004100019050003000060100002000090245013500110260009200245300004000337504004300377650003000420650003700450650002500487650003200512650005000544942001400594999001700608952013000625020250529152916.0021121s19uu xx 00 eng d aPGS LB 1027.55b.K96 2000 aKumagai, Rei F. aThe perception of Southville International School high school teacher on students who bring cellphone to school /cRei F. Kumagai. aLas Piñas City, Philippines : bSouthville International School and Colleges,c2000. a20 pages :billustrations ;c28 cm. aIncludes bibliographical references.  aCell phones in education. aHigh school studentsvAttitudes. aTeachersvAttitudes. aTechnology and education.  aMobile communication systemsvSocial aspects. 2lcccPASS c96308d96308 00102lcc40aLUXbLUXcPASSd2002-11-21eDONATIONl0oPGS LB 1027.55 .K96 2000pP0246r2014-04-08 00:00:00w2014-04-08yPASS